| 000 | 00431nam a22001697a 4500 | ||
|---|---|---|---|
| 003 | OSt | ||
| 005 | 20180116183007.0 | ||
| 008 | 150810b xxu||||| |||| 00| 0 eng d | ||
| 020 | _a9788131756898 | ||
| 040 | _c0 | ||
| 082 |
_23rd _a658.827 KEL 2013 |
||
| 100 | _aKevin Lane Keller | ||
| 245 |
_aStrategic Brand Management _cKevin Lane Keller |
||
| 300 |
_a695 p. _bPB |
||
| 440 | _aStrategic Brand Management | ||
| 942 |
_2ddc _cBK |
||
| 999 |
_c350098 _d350098 |
||